000 00369nam a2200133Ia 4500
008 220217s9999||||xx |||||||||||||| ||und||
020 _a978-81-265-1651-3
082 _a005.13 MUR
100 _aMurdock, Kelly, L
_95671
245 0 _a3ds max 2008 bible
260 _aJohn wiely and sons, Inc.
_bNew Delhi
_c2008
300 _b599
650 _aPROGRAMMING LANGUAGE
999 _c176746
_d176746